|
|
|
|
| LEADER |
00000nam0a2200000 4500 |
| 001 |
130334 |
| 005 |
20231031133849.0 |
| 035 |
|
|
|a (RuTPU)RU\TPU\book\141158
|
| 090 |
|
|
|a 130334
|
| 100 |
|
|
|a 20080201d1971 m y0rusy50 ca
|
| 101 |
0 |
|
|a rus
|
| 102 |
|
|
|a UA
|
| 105 |
|
|
|a a z 001zy
|
| 200 |
1 |
|
|a Получение, свойства и применение тонких металлических пленок
|e доклады всесоюзной конференции
|f Академия наук Украинской ССР (АН УССР), Институт проблем материаловедения (ИПМ) ; Получение, свойства и применение тонких металлических пленок, всесоюзная конференция
|
| 210 |
|
|
|a Киев
|c Наукова думка
|d 1971
|
| 215 |
|
|
|a 224 с.
|c ил.
|
| 320 |
|
|
|a Библиография в конце докладов.
|
| 610 |
1 |
|
|a металлические порошки
|
| 610 |
1 |
|
|a газоструйные распыления
|
| 610 |
1 |
|
|a применение
|
| 610 |
1 |
|
|a использование
|
| 610 |
1 |
|
|a получение
|
| 610 |
1 |
|
|a физико-механические свойства
|
| 610 |
1 |
|
|a измельчение
|
| 610 |
1 |
|
|a распыления
|
| 610 |
1 |
|
|a статьи
|
| 610 |
1 |
|
|a сборники
|
| 675 |
|
|
|a 621.7м.018.25(063)
|v 3
|
| 712 |
0 |
2 |
|a Академия наук Украинской ССР (АН УССР)
|b Институт проблем материаловедения (ИПМ)
|c (Киев)
|2 stltpush
|3 (RuTPU)RU\TPU\col\1143
|
| 712 |
0 |
2 |
|a Получение, свойства и применение тонких металлических пленок
|b всесоюзная конференция
|c доклады
|e Киев
|
| 801 |
|
1 |
|a RU
|b 63413507
|c 20080201
|g PSBO
|
| 801 |
|
2 |
|a RU
|b 63413507
|c 20130625
|g PSBO
|
| 942 |
|
|
|c BK
|